| Поле | Инд. | ПП | Название | Значение |
|---|---|---|---|---|
| Тип записи | a | |||
| Библиографический уровень | a | |||
| 001 | Контрольный номер | 5566b5d43cbd439e8b44cf3e278aab98 | ||
| 005 | Дата корректировки | 20220926084105.1 | ||
| 040 | a | Служба первич. каталог. | НБ ТвГУ | |
| b | Код языка каталог. | rus | ||
| e | Правила каталог. | PSBO | ||
| 041 | 0_ | a | Код языка текста | rus |
| 097 | b | Оператор | Komarova.ES | |
| 100 | 1_ | a | Автор | Королева А. Е. |
| 245 | 10 | a | Заглавие | Орхидные Полесской низменности |
| 260 | a | Место издания | Калинин | |
| b | Издательство | Калининский государственный университет | ||
| 504 | a | Библиография | Библиогр.: с. 59 (3 назв. | |
| 520 | 0_ | a | Аннотация | Статья посвящена орхидным Полесской низменности. |
| 653 | 0_ | a | Ключевые слова | Орхидные |
| a | Ключевые слова | Калининград, город | ||
| a | Ключевые слова | Песчаные овраги | ||
| a | Ключевые слова | Полесская моренная низменность | ||
| a | Ключевые слова | Побережье | ||
| 773 | 18 | w | Контрольный № источника | RU/IS/BASE/448384713 |
| t | Название источника | Флора и растительность южной тайги | ||
| d | Место и дата издания | Калинин : Калининский государственный университет, 1989 | ||
| g | Прочая информация | С. 53-59 | ||
| 901 | t | Тип документа | a | |
| 920 | a | Оператор | Кома | |
| 954 | b | Дата поступления в ОК | 20220926 |